平成に消滅・改称した兵庫県の市町村 - Statistics

General Stats
  • This quiz has been taken 30 times
  • The average score is 50 of 67
Answer Stats
変更年月日 変更内容 回答 変更後の市町村 % Correct
2005.10/01 新設合併 龍野市 たつの市
100%
2005.10/01 新設合併 佐用町 佐用町
100%
2005.10/01 新設合併 温泉町 新温泉町
100%
2004.01/01 新設合併 養父町 養父市
93%
2005.01/11 新設合併 南淡町 南あわじ市
93%
2005.04/01 新設合併 豊岡市 豊岡市
93%
2005.04/01 新設合併 朝来町 朝来市
93%
2005.04/01 新設合併 淡路町 淡路市
93%
2005.04/01 新設合併 北淡町 淡路市
93%
2005.10/01 新設合併 西脇市 西脇市
93%
2005.10/01 新設合併 三日月町 佐用町
93%
2005.10/01 新設合併 浜坂町 新温泉町
93%
1999.04/01 新設合併 篠山町 篠山市
86%
2005.04/01 新設合併 和田山町 朝来市
86%
2005.04/01 新設合併 香住町 香美町
86%
2005.10/01 新設合併 黒田庄町 西脇市
86%
2005.10/01 新設合併 新宮町 たつの市
86%
2006.02/11 新設合併 洲本市 洲本市
86%
2004.01/01 新設合併 八鹿町 養父市
79%
2004.11/01 新設合併 柏原町 丹波市
79%
2004.11/01 新設合併 青垣町 丹波市
79%
2005.04/01 新設合併 城崎町 豊岡市
79%
2005.04/01 新設合併 出石町 豊岡市
79%
2005.04/01 新設合併 但東町 豊岡市
79%
2005.04/01 新設合併 山崎町 宍粟市
79%
2005.04/01 新設合併 生野町 朝来市
79%
2005.10/01 新設合併 揖保川町 たつの市
79%
2005.10/01 新設合併 上月町 佐用町
79%
2006.03/20 新設合併 社町 加東市
79%
2006.03/20 新設合併 滝野町 加東市
79%
1999.04/01 新設合併 丹南町 篠山市
71%
2004.11/01 新設合併 氷上町 丹波市
71%
2004.11/01 新設合併 市島町 丹波市
71%
2005.01/11 新設合併 西淡町 南あわじ市
71%
2005.01/11 新設合併 三原町 南あわじ市
71%
2005.04/01 新設合併 竹野町 豊岡市
71%
2005.04/01 新設合併 一宮町 宍粟市
71%
2005.04/01 新設合併 津名町 淡路市
71%
2005.04/01 新設合併 一宮町 淡路市
71%
2005.04/01 新設合併 美方町 香美町
71%
2005.10/01 新設合併 御津町 たつの市
71%
2005.10/24 編入合併 吉川町 三木市
71%
2005.11/01 新設合併 加美町 多可町
71%
2005.11/07 新設合併 神崎町 神河町
71%
2006.03/27 編入合併 家島町 姫路市
71%
2006.03/27 編入合併 夢前町 姫路市
71%
1999.04/01 新設合併 西紀町 篠山市
64%
1999.04/01 新設合併 今田町 篠山市
64%
2005.01/11 新設合併 緑町 南あわじ市
64%
2005.04/01 新設合併 波賀町 宍粟市
64%
2005.04/01 新設合併 千種町 宍粟市
64%
2005.04/01 新設合併 東浦町 淡路市
64%
2005.11/01 新設合併 中町 多可町
64%
2005.11/01 新設合併 八千代町 多可町
64%
2006.02/11 新設合併 五色町 洲本市
64%
2004.01/01 新設合併 大屋町 養父市
57%
2004.01/01 新設合併 関宮町 養父市
57%
2004.11/01 新設合併 春日町 丹波市
57%
2004.11/01 新設合併 山南町 丹波市
57%
2005.04/01 新設合併 日高町 豊岡市
57%
2005.04/01 新設合併 山東町 朝来市
57%
2005.04/01 新設合併 村岡町 香美町
57%
2005.10/01 新設合併 南光町 佐用町
57%
2006.03/20 新設合併 東条町 加東市
57%
2005.11/07 新設合併 大河内町 神河町
50%
2006.03/27 編入合併 香寺町 姫路市
43%
2006.03/27 編入合併 安富町 姫路市
43%
No matching quizzes found
Score Distribution
Percent of People with Each Score
Percentile by Number Answered
Your Score History
You have not taken this quiz